000 00966nam a2200229Ia 4500
001 L269-28725
003 IT-CnALBA
008 170116s9999||||xx |||||||||||||| ||und||
040 _aIT-CnALBA
_cIT-CnALBA
041 _aITALIANO
100 _aSALVINI GIAMPAOLO, SJ.
245 0 _aLA NUOVA EVANGELIZZAZIONE.
250 _a1a ed.
260 _a ROMA
_bLA CIVILTÀ CATTOLICA EDIZIONI
_c1995 [1° Ed.:1995 - Ed.Ling.Originale: 1995]
300 _a337 p.
500 _aPRESENTAZIONE DI SALVINI G.P. IL PROBLEMA DI GESÙ. DOMENICA CRISTIANA. PROBLEMI SOCIALI E POLITICI. BISOGNO DI SORRISO. INDICE ONOMASTICO.
501 _aSocietà San Paolo EM - Piazza San Paolo, 14 - 12051 ALBA (CN) (non commercial uses only) ® Copyright 2017
520 _aPRESENTAZIONE DI SALVINI G.P. IL PROBLEMA DI GESÙ. DOMENICA CRISTIANA. PROBLEMI SOCIALI E POLITICI. BISOGNO DI SORRISO. INDICE ONOMASTICO.
650 _aEVANGELIZZAZIONE
942 _cBK
957 _71
999 _a33494
_bNO
_g Copie: 1
_c287672
_d287672